000 00799nam0a22002531 4500
001 rc\3026308
005 20250806201529.0
035 _a(NLR Aleph) 007167708
090 _a40593
_c40593
100 _a20110929d1942 u y0rusy50 ca
101 0 _arus
102 _aRU
105 _aa z |||||
200 1 _aСоветы мотоциклисту
_fМайор А. Парчинский
210 _aМосква
_cВоениздат НКО СССР
_d1942
215 _a30, [2] с.
_cил.
_d15 см
700 1 _aПарчинский
_bА.М.
_gАлексей Михайлович
801 0 _aRU
_bNLR
_gpsbo
801 1 _aRU
_bELAR
_2rusmarc
852 _aNLR
_jВ60 Г-2/195
942 _cBOOK
945 _aРоссийская национальная библиотека
980 _aNB
980 _aBV